Car Models by Picture #8 - Statistics

General Stats
  • This quiz has been taken 156 times
  • The average score is 7 of 12
Answer Stats
Picture Hint Answer % Correct
Audi R8
90%
Mini Cooper
89%
BMW X5
87%
Bentley Continental GT
71%
Alfa Romeo Giulia
65%
Koenigsegg Agera
62%
Range Rover Evoque
51%
Alpine A110
49%
Maserati Ghibli
36%
Opel Manta
36%
Polestar 2
35%
Infiniti Q60
24%
No matching quizzes found
Score Distribution
Percent of People with Each Score
Percentile by Number Answered
Your Score History
You have not taken this quiz